000 00933nam a2200217 a 4500
001 000728959
003 AM-YeHGA
005 20250617143108.0
008 100416s1976 r 000 0 rus d
040 _aAM-YeHGA
041 0 _arus
100 1 _aКлушанцев, Борис Васильевич
245 1 0 _aМашины и оборудование для производства щебня, гравия и песка /
_cБ.В. Клушанцев, П.С. Ермолаев, А.А. Дудко.
260 _aМосква :
_bМашиностроение,
_c1976.
300 _a182 с. :
_bил.
504 _aБиблиогр. 19 назв.
650 1 4 _aПесок. Гравий и галька. Естественные песчано-гравийные смеси
700 1 _aЕрмолаев, Петр Сергеевич
700 1 _aДудко, Александр Александрович
090 _c271125
999 _c269488
_d269488